| 000 | 01073nam a2200277 a 4500 | ||
|---|---|---|---|
| 001 | 25290 | ||
| 003 | CO-ViMGA | ||
| 008 | 141112s2004 ck r 000 u spa d | ||
| 015 | _ack - 2010 - xxxx | ||
| 020 | _a9789582413699 (grado 6) 9789582413941 (7) 9789582413712 (8) 9789582414283 (9) 9789582413972 (10) 9789582413996 (11) | ||
| 040 |
_aCO-ViMGA _bspa _cCO-ViMGA |
||
| 082 | _a900.7 H47 | ||
| 245 | 1 | 0 |
_aHipertexto Sociales / _cFabio Alejandro Cobos Pinzón ... [et.al.] |
| 260 |
_aBogotá : _bSantillana, _c2010 |
||
| 300 | _av. : il. ; 29 cm. | ||
| 490 | _aHipertexto Santillana | ||
| 598 | _aNEW - GRAL | ||
| 650 | 1 | 4 |
_aHistoria - Enseñanza secundaria - Libros de texto _94499 |
| 700 | 1 |
_aCaballero Escorcia, Boris Alexander _94500 |
|
| 700 | 1 |
_aCobos Pinzón, Fabio Alejandro _94501 |
|
| 700 | 1 |
_aMaldonado Zamudio, Carlos Alberto _94502 |
|
| 700 | 1 |
_aOrtiz Jiménez, José Guillermo _94503 |
|
| 917 | _a2010 - 3232 4 vol. (2 ejs. de cada uno) | ||
| 942 |
_2ddc _cBK |
||
| 990 | _a2010 - 3232 Santillana 4 vol. (2 ejs. de cada uno) 21 27/04/2010 a716933 | ||
| 999 |
_c10535 _d10535 |
||